000 01057nam a22002417a 4500
005 2010081005405.0
008 090109t xxu||||| |||| 00| 0 urdd
010 _aB-283831, UR-7651
020 _a818182233429
_c150.00
035 _aU-6206
040 _adpl
_burd
082 _a844
245 _a مقالات منظر /
_cافسرکاظمی، مرتبہ
246 _aMaqalat-e-Manzer /
_bedited by Afsar Kazmi
260 _aدہلی
_bايجوکيشنل پبليشنگ ہاوس
_c2008
270 _a3108, Vakil Street, Kucha Pandit, Lal Kuan
_bDelhi
_e110006
_k23216162, 23214465
_minfo@ephbooks.com
300 _a128 ص
_c22 س م (Hb)
650 _2essays
700 _aافسرکاظمی
_910040
942 _2ddc
_cUR
_h844
_mا ف س
999 _c20798
_d20798